SHALAKYA TANTRA VIGYAN (Record no. 21621)

MARC details
000 -LEADER
fixed length control field 00394nam a22001577a 4500
003 - CONTROL NUMBER IDENTIFIER
control field SGT
020 ## - INTERNATIONAL STANDARD BOOK NUMBER
International Standard Book Number 978-93-89-665-39-0
082 ## - DEWEY DECIMAL CLASSIFICATION NUMBER
Classification number 617.72
Item number S21B
100 ## - MAIN ENTRY--PERSONAL NAME
Personal name BHARDWAJ,ATUL
245 ## - TITLE STATEMENT
Title SHALAKYA TANTRA VIGYAN
260 ## - PUBLICATION, DISTRIBUTION, ETC. (IMPRINT)
Place of publication, distribution, etc VARANASI
Name of publisher, distributor, etc CHAUKHAMBHA PUB
Year of Publication 2021
300 ## - PAGE DESCRIPTION
No. of Pages 758
650 ## - SUBJECT ADDED ENTRY--TOPICAL TERM
Topical term or geographic name as entry element AYURVEDA
653 ## - KEYWORDS--INDEX TERM
Keyword term SHALAKYA, SHALAKYA VIGYAN , SHALAKYA TANTRA VIGYAN
942 ## - ADDED ENTRY ELEMENTS (KOHA)
Source of classification or shelving scheme Dewey Decimal Classification
Koha item type Books
942 ## - ADDED ENTRY ELEMENTS (KOHA)
-- 78
Holdings
Withdrawn status Lost status Source of classification or shelving scheme Damaged status Not for loan Collection code Home library Current library Shelving location Date acquired Vendor Name Cost, normal purchase price SGTU Bill Number Total Checkouts Total Renewals Full call number Accession No. (Barcode) Date last seen Date last borrowed Bill Date Koha item type
    Dewey Decimal Classification     AYURVEDA SGT FA-FP Library SGT FA-FP Library Text Book 28/07/2021 CHAUKHAMBHA PUB 925.00 SGTU CP/B/186 55 2 617.72 S21B FA10811 01/06/2026 19/05/2026 21/06/2021 Books
Withdrawn   Dewey Decimal Classification     AYURVEDA SGT FA-FP Library SGT FA-FP Library Text Book 28/07/2021 CHAUKHAMBHA PUB 925.00 SGTU CP/B/186 32 1 617.72 S21B FA10812 16/11/2023 28/10/2023 21/06/2021 Books
    Dewey Decimal Classification     AYURVEDA SGT FA-FP Library SGT FA-FP Library Text Book 28/07/2021 CHAUKHAMBHA PUB 925.00 SGTU CP/B/186 63   617.72 S21B FA10813 29/05/2026 15/05/2026 21/06/2021 Books
    Dewey Decimal Classification     AYURVEDA SGT FA-FP Library SGT FA-FP Library Text Book 28/07/2021 CHAUKHAMBHA PUB 925.00 SGTU CP/B/186 55   617.72 S21B FA10814 09/04/2026 02/04/2026 21/06/2021 Books
    Dewey Decimal Classification     AYURVEDA SGT FA-FP Library SGT FA-FP Library Text Book 28/07/2021 CHAUKHAMBHA PUB 925.00 SGTU CP/B/186 39 1 617.72 S21B FA10815 28/05/2026 22/05/2026 21/06/2021 Books